[Event "Tata Steel India Blitz w"]
[Site "Kolkata IND"]
[Date "2024.11.17"]
[Round "16.4"]
[White "Goryachkina, Aleksandra"]
[Black "Divya, Deshmukh"]
[Result "1-0"]
[WhiteTitle "GM"]
[BlackTitle "IM"]
[WhiteElo "2528"]
[BlackElo "2493"]
[WhiteFideId "4147103"]
[BlackFideId "35006916"]
[EventDate "2024.11.16"]

1. e4 e6 2. d4 d5 3. Nc3 Nf6 4. Bg5 dxe4 5. Nxe4 Nbd7 6. Nf3 h6 7. Nxf6+ Nxf6 8.
Be3 Bd6 9. Bd3 Bd7 10. Ne5 Qe7 11. O-O Nd5 12. Bd2 O-O 13. Qh5 Nf6 14. Qh4 Nd5
15. Qxe7 Bxe7 16. Nxd7 Rfd8 17. Ne5 c5 18. dxc5 Bxc5 19. Nf3 a5 20. Rad1 a4 21.
a3 Rac8 22. Bb5 Be7 23. Bxa4 Bf6 24. c3 Nb6 25. Bb3 e5 26. Be3 Na8 27. Rxd8+
Rxd8 28. Rd1 Rc8 29. Rd7 e4 30. Bxf7+ Kf8 31. Nd2 1-0

[Event "Tata Steel India Blitz w"]
[Site "Kolkata IND"]
[Date "2024.11.17"]
[Round "16.5"]
[White "Kosteniuk, Alexandra"]
[Black "Vaishali, Rameshbabu"]
[Result "0-1"]
[WhiteTitle "GM"]
[BlackTitle "GM"]
[WhiteElo "2487"]
[BlackElo "2490"]
[WhiteFideId "4128125"]
[BlackFideId "5091756"]
[EventDate "2024.11.16"]

1. e4 e5 2. Nf3 Nc6 3. Bc4 Nf6 4. d4 exd4 5. e5 d5 6. Bb5 Ne4 7. Nxd4 Bc5 8. Be3
Bd7 9. Nxc6 bxc6 10. Bxc5 Nxc5 11. Be2 O-O 12. O-O f6 13. exf6 Qxf6 14. Nc3 Rae8
15. Qd2 d4 16. Bc4+ Be6 17. Bxe6+ Nxe6 18. Ne2 c5 19. Rae1 h5 20. Qd3 Qg5 21. b3
c6 22. Qg3 h4 23. Qxg5 Nxg5 24. h3 Ne4 25. Nc1 Nc3 26. Nd3 Nxa2 27. Ra1 Nb4 28.
Nxc5 Nxc2 29. Rxa7 Rf5 30. Nd3 Re2 31. Rc7 Rb5 32. Rxc6 Rd2 33. Nc5 Nb4 34. Rc8+
Kh7 35. Ne4 Re2 36. Nd6 Rg5 37. Rd1 d3 38. Nc4 Rd5 39. Rf8 Na2 40. Rf4 g5 41.
Rf7+ Kg6 42. Rc7 Nc3 43. Ra1 Ne4 44. Ne3 Rd6 45. Raa7 Nf6 46. Rg7+ Kh5 47. Ra1
d2 48. Kf1 Rxe3 49. fxe3 d1=Q+ 50. Rxd1 Rxd1+ 51. Ke2 Rb1 52. Rb7 Ne4 53. b4 Kg6
54. Kd3 Nc5+ 55. Kc2 Nxb7 56. Kxb1 Kf5 57. Kc2 Ke4 58. Kd2 Nd6 59. Ke2 Nb5 60.
Kf2 Nc3 61. g3 Nd1+ 62. Kg1 Nxe3 63. gxh4 gxh4 64. b5 Nd5 65. Kg2 Ke3 66. Kg1
Kf3 67. Kf1 Kg3 68. Ke2 Nc3+ 0-1

[Event "Tata Steel India Blitz w"]
[Site "Kolkata IND"]
[Date "2024.11.17"]
[Round "17.1"]
[White "Kosteniuk, Alexandra"]
[Black "Koneru, Humpy"]
[Result "1-0"]
[WhiteTitle "GM"]
[BlackTitle "GM"]
[WhiteElo "2487"]
[BlackElo "2530"]
[WhiteFideId "4128125"]
[BlackFideId "5008123"]
[EventDate "2024.11.16"]

1. e4 e5 2. Nf3 Nc6 3. Bc4 Bc5 4. d3 Nf6 5. a4 h6 6. a5 a6 7. c3 O-O 8. O-O d5
9. exd5 Nxd5 10. Nbd2 Bg4 11. Ne4 Ba7 12. h3 Bh5 13. Ng3 Bg6 14. Re1 Qd6 15. Ne4
Qd8 16. Qb3 Nf4 17. Bxf4 exf4 18. Qxb7 Qd7 19. Qb3 Bh5 20. Ned2 Rfe8 21. d4 Ne7
22. Ne5 Qf5 23. Bd3 Qf6 24. Ne4 Qh4 25. Bc4 Rf8 26. Nd2 Nf5 27. Qb7 Rfb8 28.
Qxc7 Rxb2 29. Bxf7+ Kh7 30. Bxh5 Rxd2 31. Bg6+ Kh8 32. Rf1 Nxd4 33. cxd4 Bxd4
34. Be4 Rxf2 35. Ng6+ Kg8 36. Qc4+ 1-0

[Event "Tata Steel India Blitz w"]
[Site "Kolkata IND"]
[Date "2024.11.17"]
[Round "17.2"]
[White "Vaishali, Rameshbabu"]
[Black "Goryachkina, Aleksandra"]
[Result "1-0"]
[WhiteTitle "GM"]
[BlackTitle "GM"]
[WhiteElo "2490"]
[BlackElo "2528"]
[WhiteFideId "5091756"]
[BlackFideId "4147103"]
[EventDate "2024.11.16"]

1. e4 c5 2. Nf3 e6 3. c3 d5 4. exd5 Qxd5 5. d4 Nf6 6. Na3 Qd8 7. Nc4 Nc6 8. Be3
Nd5 9. Bd2 cxd4 10. cxd4 Be7 11. Bd3 O-O 12. a3 Bf6 13. Be3 b5 14. Ncd2 Bb7 15.
O-O a6 16. Ne4 Be7 17. Rc1 Rc8 18. Nc5 Bxc5 19. Rxc5 Nce7 20. Rxc8 Bxc8 21. Ne5
Nf5 22. Qf3 Qf6 23. Qh3 h6 24. g4 Nfxe3 25. fxe3 Qg5 26. Rf3 f6 27. Ng6 Rd8 28.
Qg3 f5 29. gxf5 exf5 30. Ne5 f4 31. exf4 Qxg3+ 32. hxg3 Nf6 33. Bg6 Rxd4 34. Rc3
Rd8 35. Rc7 Be6 36. Rc6 Bd5 37. Rxa6 Ne4 38. Bxe4 Bxe4 39. Kf2 Bc2 40. Ke3 Re8
41. Kd4 Rd8+ 42. Kc5 Rd2 43. Kxb5 Bd1 44. Ra8+ Kh7 45. b4 Rg2 46. f5 Bc2 47. g4
h5 48. Ng6 Kh6 49. Rh8+ Kg5 50. Rxh5+ Kxg4 51. Rh7 Bxf5 52. Rxg7 Ra2 53. Ne7+
Kf4 54. Rf7 1-0

[Event "Tata Steel India Blitz w"]
[Site "Kolkata IND"]
[Date "2024.11.17"]
[Round "17.3"]
[White "Divya, Deshmukh"]
[Black "Dzagnidze, Nana"]
[Result "1-0"]
[WhiteTitle "IM"]
[BlackTitle "GM"]
[WhiteElo "2493"]
[BlackElo "2518"]
[WhiteFideId "35006916"]
[BlackFideId "13601903"]
[EventDate "2024.11.16"]

1. e4 c5 2. Nf3 d6 3. Bb5+ Nd7 4. O-O a6 5. Be2 Ngf6 6. d3 g6 7. c4 Bg7 8. Nc3
b5 9. cxb5 axb5 10. Nxb5 O-O 11. a4 Ba6 12. Nc3 Qb6 13. Ra2 Rfb8 14. h3 Qb3 15.
Be3 Ne8 16. Qxb3 Rxb3 17. d4 Bxe2 18. Nxe2 cxd4 19. Nexd4 Rb4 20. a5 Nc5 21. Nc6
Rxb2 22. Rxb2 Bxb2 23. Nxe7+ Kf8 24. Nc6 Nxe4 25. Rb1 Bc3 26. Bb6 N8f6 27. Nfd4
Nd7 28. Nb5 Ndc5 29. f3 Nd2 30. Rc1 Bxa5 31. Nxa5 Rxa5 32. Bxa5 Ndb3 33. Rxc5
dxc5 34. Bc3 Ke7 35. Kf2 Ke6 36. Ke3 Kd5 37. Kd3 c4+ 38. Ke3 Nc5 39. Nd4 Na4 40.
Kd2 Nc5 41. Ne2 Nd3 42. Ke3 g5 43. Nd4 Nf4 44. Kf2 h5 45. Nc2 Nd3+ 46. Ke3 f5
47. Nb4+ Nxb4 48. Bxb4 f4+ 49. Kd2 Kd4 50. Bc3+ Kd5 51. Bf6 g4 52. hxg4 hxg4 53.
fxg4 Ke6 54. g5 1-0

[Event "Tata Steel India Blitz w"]
[Site "Kolkata IND"]
[Date "2024.11.17"]
[Round "17.4"]
[White "Gunina, Valentina"]
[Black "Vantika, Agrawal"]
[Result "1-0"]
[WhiteTitle "GM"]
[BlackTitle "IM"]
[WhiteElo "2425"]
[BlackElo "2392"]
[WhiteFideId "4167570"]
[BlackFideId "25050389"]
[EventDate "2024.11.16"]

1. d4 Nf6 2. c4 e6 3. Nf3 d5 4. Nc3 Bb4 5. Bg5 h6 6. Bxf6 Qxf6 7. Qa4+ Nc6 8. e3
O-O 9. Be2 dxc4 10. O-O Bxc3 11. bxc3 Bd7 12. Bxc4 Rfd8 13. Qa3 Qe7 14. Qxe7
Nxe7 15. Rab1 b6 16. Ne5 Be8 17. Rfd1 Nc6 18. Nd3 Na5 19. Ba6 Kf8 20. c4 Bc6 21.
c5 Be4 22. Rbc1 Bd5 23. Nb4 Bb7 24. Bd3 Bd5 25. e4 Bb7 26. c6 Bc8 27. Be2 a6 28.
f4 b5 29. Kf2 Ke7 30. Ke3 f6 31. g4 Rb8 32. Rd2 Rb6 33. Rdc2 Rd6 34. e5 Rd8 35.
Rc5 Nc4+ 36. Bxc4 bxc4 37. R1xc4 Rh8 38. d5 fxe5 39. fxe5 h5 40. g5 Rf8 41. Rd4
Rd8 42. g6 Rb5 43. Rxb5 axb5 44. Rf4 exd5 45. Rf7+ Ke6 46. Kd4 Rh8 47. Nd3 1-0

[Event "Tata Steel India Blitz w"]
[Site "Kolkata IND"]
[Date "2024.11.17"]
[Round "17.5"]
[White "Dronavalli, Harika"]
[Black "Lagno, Kateryna"]
[Result "1/2-1/2"]
[WhiteTitle "GM"]
[BlackTitle "GM"]
[WhiteElo "2493"]
[BlackElo "2527"]
[WhiteFideId "5015197"]
[BlackFideId "14109336"]
[EventDate "2024.11.16"]

1. Nf3 d5 2. g3 Nf6 3. Bg2 e6 4. O-O Be7 5. d3 O-O 6. c4 h6 7. b3 c5 8. cxd5
Nxd5 9. Bb2 Bf6 10. Qc1 Nc6 11. Nc3 Nxc3 12. Bxc3 b6 13. Bxf6 Qxf6 14. d4 Bb7
15. dxc5 Nd4 16. Nxd4 Bxg2 17. Kxg2 Qxd4 18. cxb6 axb6 19. Qc4 Qxc4 20. bxc4
Rfc8 21. Rfb1 Rxc4 22. Rxb6 Rca4 23. Rb2 g5 24. Rd2 Kg7 25. Kf1 Kg6 26. Ke1 h5
27. h3 h4 28. g4 f5 29. gxf5+ exf5 30. f3 g4 31. hxg4 fxg4 32. Kf2 gxf3 33. exf3
Ra3 34. Kg2 h3+ 35. Kg3 Rf8 36. Rf2 h2 37. Rh1 Kf5 38. Kg2 Rfa8 39. Ra1 Rh8 40.
Kh1 Kf4 41. Rb1 Rha8 42. Rb4+ Kf5 43. Rb5+ Kf4 44. Rb4+ Kf5 45. Rbb2 Kf4 46.
Kxh2 Rxf3 47. Kg2 Rxf2+ 48. Kxf2 Ke4 49. Ke2 Kd4 50. Kd2 Kc4 51. Kc2 Ra4 52. Kb1
Rb4 1/2-1/2

[Event "Tata Steel India Blitz w"]
[Site "Kolkata IND"]
[Date "2024.11.17"]
[Round "18.1"]
[White "Lagno, Kateryna"]
[Black "Gunina, Valentina"]
[Result "0-1"]
[WhiteTitle "GM"]
[BlackTitle "GM"]
[WhiteElo "2527"]
[BlackElo "2425"]
[WhiteFideId "14109336"]
[BlackFideId "4167570"]
[EventDate "2024.11.16"]

1. e4 c5 2. Nf3 Nc6 3. Bb5 e6 4. Bxc6 bxc6 5. e5 f6 6. d3 fxe5 7. Nxe5 Nf6 8.
Ng4 d6 9. Bg5 Be7 10. Nxf6+ gxf6 11. Bh6 Rg8 12. O-O e5 13. Qh5+ Kd7 14. f4 Kc7
15. fxe5 dxe5 16. Nc3 Be6 17. Be3 Qd7 18. Qe2 f5 19. Rf2 Bd6 20. Na4 Qe7 21. Kh1
Raf8 22. b4 cxb4 23. c3 f4 24. Bd2 Bd5 25. Qf1 Qh4 26. c4 Be6 27. c5 Be7 28.
Bxb4 f3 29. g3 Qxb4 30. Qd1 Bh3 31. Rb1 Bg2+ 32. Kg1 Qd4 33. Nb2 Rb8 34. Nc4
Bxc5 0-1

[Event "Tata Steel India Blitz w"]
[Site "Kolkata IND"]
[Date "2024.11.17"]
[Round "18.2"]
[White "Koneru, Humpy"]
[Black "Dronavalli, Harika"]
[Result "1/2-1/2"]
[WhiteTitle "GM"]
[BlackTitle "GM"]
[WhiteElo "2530"]
[BlackElo "2493"]
[WhiteFideId "5008123"]
[BlackFideId "5015197"]
[EventDate "2024.11.16"]

1. d4 d5 2. c4 e6 3. Nf3 Nf6 4. Nc3 Be7 5. Bg5 Nbd7 6. e3 h6 7. Bh4 c6 8. Rc1
O-O 9. Bd3 dxc4 10. Bxc4 b5 11. Bd3 Bb7 12. O-O Rc8 13. Qe2 b4 14. Na4 c5 15.
Ba6 Bxa6 16. Qxa6 Nd5 17. Bg3 N5b6 18. Nxc5 Nxc5 19. dxc5 Bxc5 20. Qxa7 Nc4 21.
Qa4 Nb6 22. Qb5 Qe7 23. Rc2 Bd6 24. Rxc8 Nxc8 25. Rc1 Bxg3 26. hxg3 Qa7 27. Qxb4
Qxa2 28. Nd4 Qa7 29. Nc6 Qd7 30. Qd4 Qxd4 31. Nxd4 Nd6 32. Rc6 Rd8 33. b4 e5 34.
Nb3 Ne4 35. Rc1 Rb8 36. Rc4 Nd6 37. Rc6 Ne4 38. Nc5 Rxb4 39. Nxe4 Rxe4 1/2-1/2

[Event "Tata Steel India Blitz w"]
[Site "Kolkata IND"]
[Date "2024.11.17"]
[Round "18.3"]
[White "Vantika, Agrawal"]
[Black "Divya, Deshmukh"]
[Result "1/2-1/2"]
[WhiteTitle "IM"]
[BlackTitle "IM"]
[WhiteElo "2392"]
[BlackElo "2493"]
[WhiteFideId "25050389"]
[BlackFideId "35006916"]
[EventDate "2024.11.16"]

1. d4 d5 2. c4 e6 3. Nf3 Nf6 4. g3 dxc4 5. Bg2 Bb4+ 6. Bd2 a5 7. a3 Bxd2+ 8.
Nbxd2 b5 9. b3 cxb3 10. Qxb3 c6 11. O-O O-O 12. Rfc1 Nbd7 13. Qb2 Qb6 14. Ne1
Nd5 15. Nd3 Ba6 16. Ne4 Rfb8 17. Nec5 Nxc5 18. Nxc5 Qd8 19. e3 b4 20. axb4 Rxb4
21. Qd2 Bc8 22. Bxd5 exd5 23. Qxb4 axb4 24. Rxa8 h6 25. Nd3 Qc7 26. Rca1 Kh7 27.
Nxb4 Bh3 28. Nc2 Qe7 29. Ne1 Qe4 30. R8a3 h5 31. f3 Qe6 32. Rc3 h4 33. Kf2 hxg3+
34. hxg3 Qd6 35. Nd3 Bd7 36. Ne5 Be8 37. Rca3 f6 38. Nd3 Qb8 39. Ra8 Qb3 40.
Rxe8 Qxd3 41. Rh1+ Kg6 42. g4 c5 43. dxc5 Qc2+ 44. Kg3 Qxc5 45. Rd1 Qc7+ 46. f4
Kf7 47. Ra8 Qc3 48. Ra7+ Kg8 49. Kf3 Qc6 50. Rd4 Qc1 51. Ra8+ Kh7 52. Rd8 Qf1+
53. Kg3 Qg1+ 54. Kf3 Qf1+ 55. Kg3 Qg1+ 56. Kf3 1/2-1/2

[Event "Tata Steel India Blitz w"]
[Site "Kolkata IND"]
[Date "2024.11.17"]
[Round "18.4"]
[White "Dzagnidze, Nana"]
[Black "Vaishali, Rameshbabu"]
[Result "1-0"]
[WhiteTitle "GM"]
[BlackTitle "GM"]
[WhiteElo "2518"]
[BlackElo "2490"]
[WhiteFideId "13601903"]
[BlackFideId "5091756"]
[EventDate "2024.11.16"]

1. d4 e6 2. c4 b6 3. a3 Bb7 4. Nc3 Nf6 5. Bg5 h6 6. Bh4 Be7 7. Nf3 Ne4 8. Bxe7
Qxe7 9. Qc2 f5 10. e3 O-O 11. Bd3 Nxc3 12. Qxc3 Bxf3 13. gxf3 Qh4 14. f4 c5 15.
d5 Na6 16. Be2 exd5 17. cxd5 Nc7 18. Qe5 Ne8 19. d6 Rc8 20. Bc4+ Kh8 21. Qe7 Nf6
22. Rg1 Rg8 23. Bxg8 Rxg8 24. O-O-O Qxf2 25. Rg6 c4 26. Rxf6 gxf6 27. Qxf6+ Kh7
28. Qxf5+ Kh8 29. Qe5+ Kh7 30. Qe4+ Kh8 31. Qd4+ Rg7 32. Kb1 b5 33. Rd2 Qf1+ 34.
Ka2 a6 35. Qe5 Qh3 36. f5 Kh7 37. f6 Rg5 38. Qe7+ Kg6 39. Qg7+ Kh5 40. Qf7+ Kh4
41. Rd4+ Rg4 42. Qxd7 c3 43. Qxg4+ 1-0

[Event "Tata Steel India Blitz w"]
[Site "Kolkata IND"]
[Date "2024.11.17"]
[Round "18.5"]
[White "Goryachkina, Aleksandra"]
[Black "Kosteniuk, Alexandra"]
[Result "1/2-1/2"]
[WhiteTitle "GM"]
[BlackTitle "GM"]
[WhiteElo "2528"]
[BlackElo "2487"]
[WhiteFideId "4147103"]
[BlackFideId "4128125"]
[EventDate "2024.11.16"]

1. d4 Nf6 2. c4 e6 3. Nf3 Bb4+ 4. Bd2 Qe7 5. a3 Bxd2+ 6. Qxd2 O-O 7. Nc3 d5 8.
e3 b6 9. Bd3 dxc4 10. Bxc4 Bb7 11. O-O Nbd7 12. Rfd1 Rfd8 13. Qe2 c5 14. Ba6
Bxa6 15. Qxa6 cxd4 16. Nxd4 Qc5 17. Qb5 Rdc8 18. h3 h5 19. Rac1 Qxb5 20. Ncxb5
a6 21. Nd6 Rc5 22. Rxc5 Nxc5 23. Nc6 g6 24. Ne5 Rf8 25. f3 Kg7 26. Kf2 Ncd7 27.
Nxd7 Nxd7 28. Ne8+ Rxe8 29. Rxd7 Rc8 30. Rd2 Kf6 31. Ke2 Ke7 32. h4 Rc4 33. g3
b5 34. f4 f6 35. Kf3 a5 36. Ke2 b4 37. axb4 Rxb4 38. Kd3 e5 39. Kc3 Ke6 40. Rd8
exf4 41. exf4 Rb5 42. Ra8 Kf5 43. Ra6 g5 44. fxg5 fxg5 45. hxg5 Kxg5 46. Kd3 Kg4
47. Rg6+ Kf3 48. Kc3 a4 49. Kc2 Rc5+ 50. Kb1 Kg2 51. Ka2 Rb5 52. Rg8 Kh3 53. Rg7
Kg2 54. Rg8 Kh3 55. Rg7 Kg2 56. Rg8 1/2-1/2